00619 2200217 4500001002100000005001500021035002000036007000300056008004100059082001200100084001800112100002300130245007400153250001600227260003800243300006000281650001000341020001800351990001600369990001600385INLIS00000000000362220260529104553 a0010-0621000154ta260529 0  a578.751 a578.751 KEM b0 aKemas Ali Hanafiah1 aBiologi Tanah :bEkologi dan Makrobiologi Tanah /cKemas Ali Hanafiah aEd.--1--3-- a--Jakarta :bRaja Grafindo,c2013 axvi, 166 hlm. :billus. ;c21 cmeBibliografi, hlm 157 4aSains a979-3654-40-6 a14457/BR-14 a14455/BR-14